An outline of judicial review in Kenya /

Salvato in:
Dettagli Bibliografici
Autore principale: Lumumba, Patrick L. O.
Natura: Libro
Pubblicazione: Nairobi : LawAfrica, 2006.
Edizione:2nd ed.
Soggetti:
Tags: Aggiungi Tag
Nessun Tag, puoi essere il primo ad aggiungerne!!

MARC

LEADER 00000cam a22000004a 4500
005 20260415050137.0
020 |a 9966703470  |c TZS 34,000/= 
040 |a MCCL  |b eng.  |e AACR 2nd rev. ed. 
082 |a 347.6762012 LUM 
100 1 |a Lumumba, Patrick L. O. 
245 1 3 |a An outline of judicial review in Kenya /  |c P.L.O. Lumumba. 
246 1 4 |a Judicial review in Kenya 
250 |a 2nd ed. 
260 |a Nairobi :  |b LawAfrica,  |c 2006. 
300 |a xxxiii, 143 p. ;  |c 21 cm. 
504 |a Includes bibliographical references and index. 
650 0 |a Judicial review of administrative acts  |z Kenya. 
942 |c BK 
999 |c 12616  |d 12616